|
|
|
|
| LEADER |
00706nam a22002052a 4500 |
| 001 |
000414115 |
| 003 |
CZ BrMZK |
| 005 |
20120627090809.0 |
| 007 |
ta |
| 008 |
990307s1976 xo a f slo d |
| 040 |
|
|
|a BOA001
|b cze
|
| 100 |
1 |
|
|a Válek, Miroslav,
|d 1927-1991
|7 jn19990209975
|4 aut
|
| 245 |
1 |
0 |
|a Slovo /
|c Miroslav Válek ; ilustroval Jozef Gális
|
| 250 |
|
|
|a 1. vyd.
|
| 260 |
|
|
|a Bratislava :
|b Smena,
|c 1976
|
| 300 |
|
|
|a 93 s. :
|b il.
|
| 910 |
|
|
|a BOA001
|b PK-0078.332
|b 2-0765.832
|
| 990 |
|
|
|a BK
|
| 996 |
7 |
|
|b 2619521399
|c 2-0765.832
|l MZK
|r Sklad / do 1 hodiny
|n 0
|w 000414115
|u 000020
|a 1
|e BOA001
|j MZK50
|s A
|
| 996 |
7 |
|
|b 3119822942
|c PK-0078.332
|l MZK
|r Sklad / do 1 hodiny
|n 2
|w 000414115
|u 000010
|a 1
|e BOA001
|j MZK50
|s A
|